000 00966nam a22002057a 4500
005 20231108142909.0
010 _aHIN-126075
020 _a9789393285065
_c795.00
035 _aHN-98421
037 _bDBAD/PUB
082 _a342.546
100 _aदिलीप कुमार
_958364
245 _aअनुच्छेद 370;
_bभूत, वर्तमान और भविष्य /
_cदिलीप कुमार,स्मृति त्रिपाठी और जसकिरन कौर
260 _aनई दिल्ली
_bशिवांक प्रकाशन
_c2022
270 _a12-B,गोला कॉटेज,अंसारी रोड,दरियागंज
_bदिल्ली
_e110002
300 _a123p.
_c23cm(सजिल्द )
700 _aत्रिपाठी,स्मृति
_957445
700 _aकौर,जसकिरन
_957446
942 _2ddc
_cHN
_h342.546
_kदिलीप
999 _c198550
_d198550